000 01025cam a2200325 a 4500
001 0020089
003 DO-SdBNP
005 20231030114412.0
007 0020089
008 030115s1996 sp 000 f spa d
020 _a8437614023
040 _aBPMSU
_bspa
_cBPMSU
082 4 _a823.6
_bS545f 1996
_222
100 1 _aShelley, Mary W.
_d1797-1851
_4
245 1 0 _aFrankenstein o el moderno Prometeo /
_cMary Shelley ; traducción M. Engracia Pujals ; edición Isabel Burdiel
260 _aMadrid :
_bCátedra,
_c1996
300 _a336 p. ;
_c21 cm.
490 0 _aLetras universales,
_v230
500 _3I
534 _aTítulo original:
_tFrankenstein or the modern prometheus
_c
590 _aInventariado, 2023/VM
650 4 _aNOVELA INGLESA
650 4 _aNovela juvenil Inglesa
650 4 _aNovela de ciencia ficción
650 4 _aLiteratura y ciencia
700 1 _aPujals, M. Engracia
_etr.
700 1 _a Isabel Burdiel
_e ed.
910 _aVMateo V. Control de calidad. BPMSU
942 _2ddc
_cBK
999 _c9685
_d9685